Statistics for Flags with Modes of Transport

Click here to take the quiz!

General Stats

  • This quiz has been taken 9 times
  • The average score is 8 of 16

Answer Stats

Answer% Correct
Malta
100%
Belize
89%
Ecuador
89%
Delaware
78%
Auckland
67%
Adelaide
56%
New Brunswick
56%
Paris
56%
St. Pierre and Miquelon
44%
Ascension Island
33%
Belfast
33%
Manaus
33%
Chelyabinsk
22%
Corfu
22%
Kyiv
22%
Ceará
11%

Score Distribution

Percentile by Number Answered

Percent of People with Each Score

Your Score History

You have not taken this quiz